عرض عادي
عرض مارك
- El-Hofy, Hassan.
مدخل إسم شخص
001 - رقم الضبط
- حقل الضبط: 51927
003 - معرف رقم الضبط
- حقل الضبط: OSt
005 - تاريخ ووقت أخر عملية
- حقل الضبط: 20151012091906.0
008 - عناصر بيانات ثابتة الطول
- حقل تحكم ثابت الطول: 151012|| aca||aabn | a|a d
040 ## - مصدر الفهرسة
- هيئة الفهرسة الأصلية: OSt
- وكالة الكتابة: OSt
100 ## - مدخل -- أسم شخص
- إسم شخص: El-Hofy, Hassan.
670 ## - بيانات المصدر موجوده
- الاستشهاد بالمصدر: Work cat.: (OSt)0: Rajput, R. K. 51923, A Textbook of Manufacturing technology , 2014.
